000 00308 a2200145 4500
001 167432
020 _a
040 _cMagnum
100 _aFernandez Enguita, Mariano
240 1 0 _aA face oculta da escola
_lpor
245 1 0 _aA face oculta da escola
362 0 _a1899
697 _aENSINO
942 _cBK
999 _c167432
_d167432